Регионална библиотека "Любен Каравелов" - Русе

Добрин Петков (Запис номер 83607)

MARC детайли
000 -Лидер
Контролно поле с фиксирана дължина 02325nam a2200505 a 4500
003 - Код на организацията, давaща контролен номер
Контролно поле BLK
005 - Дата и час на последна редакция
Контролно поле 20240809162325.0
008 - Елементи от данни с фиксирана дължина
fixed length control field 180408b bul|||||r ||||||| ||bul||
010 ## - Наследен системен номер
LC control number KNG00088171000
020 ## - Международен стандартен номер на книга ISBN
Международен стандартен номер на книга ISBN 978-954-92288-1-6
040 ## - Източник на каталожния запис
Идентификатор на билиотеката - собственик на записа BLK
041 ## - Код за език
Код за езика на текст/звукозапис или на отделно заглавие Български
Код за езика КДБФ Български
072 #7 - Код за тематичната категория
Код организация bullib
Код за тематична категория К
Текст Краезнание
080 ## - УДК
Текстов определител УДК Музикални изпълнители (инструменталисти, певци), интерпретатори, диригенти
УДК код - определител по УДК 78.071.2
УДК определител (497.2)(092)(093.3)
УДК - код + определител 78.071.2(497.2)(092)(093.3)
080 ## - УДК
Текстов определител УДК Български музикант, диригент
УДК код - определител по УДК 929 Петков, Добрин Христов
УДК - код + определител 929 Петков, Добрин Христов
100 ## - Редна дума - Автор
Автор Петков, Добрин Христов
Дати, свързани с автора 1923 - 1987
Автор - информация (биография) Диригент, композитор
R(LIN) 372716
139 ## - Редно поле
Редна дума Петков, Добрин Христов
Авторски знак Петко - П 44
245 10 - Сведения за заглавието
Заглавие Добрин Петков
Подзаглавни данни Възгледи и спомени
Редно поле (дума) Добрин Христов Петков; състав. Боряна Александрова.
257 ## - Страна на издаване
Страна на създаване/издаване България
260 ## - Област на издателските данни
Място на издаване, разпространение и проч. София
Име на издателя, разпространителя и проч. Фонд. Тергум
Година на издаване 2008
Печатница София : Миг принт
300 ## - Физическа характеристика
Страници 214 с.
Илюстрации и др. със сн., факс.
Размери/Мащаб 22 см
380 ## - Жанр
Жанр Изкуство
500 ## - Общи забележки
Забележка Офс. изд. - Съдържа и Хроники концерти ; Част от записите на Добрин Петков.
600 #0 - Име на лице, използвано като предмет
За него / За нея Петков, Добрин Христов
Свързани дати 1923 - 1987
Друга информация Диригент, композитор
9 (RLIN) 372716
650 #4 - Допълнително описание по предмет – тема
Основно описание – тема или топоним Диригенти, български
9 (RLIN) 246357
650 #4 - Допълнително описание по предмет – тема
Основно описание – тема или топоним Петков, Добрин Христов
9 (RLIN) 372716
651 #4 - Допълнително описание по предмет - топоним
Географско понятие България
9 (RLIN) 241624
651 #4 - Допълнително описание по предмет - топоним
Географско понятие Русе
9 (RLIN) 179462
653 ## - Ключова дума – ненормативна
Ключова дума Добрин Петков
653 ## - Ключова дума – ненормативна
Ключова дума диригенти
653 ## - Ключова дума – ненормативна
Ключова дума български музиканти
653 ## - Ключова дума – ненормативна
Ключова дума спомени
659 ## - Тематичен бюлетин
Тематичен бюлетин К
700 ## - Други автори (авторска отговорност)
Лично име Александрова, Боряна Асенова
Дати, свързани с автора 1948-
9 (RLIN) 301059
852 ## - Местоположение
Форматна сигнатура Цб 243078
852 ## - Местоположение
Форматна сигнатура К 78/П 44 Д
856 4# - Електронен адрес и достъп
Електронен формат pdf - файл
Инструкция (цена за достъп) 0.00
Права за достъп disable
856 4# - Електронен адрес и достъп
Електронен формат pdf - файл
Инструкция (цена за достъп) 0.00
Права за достъп disable
999 ## - СИСТЕМНИ КОНТРОЛНИ НОМЕРА
Koha biblionumber 83607
Koha biblioitemnumber 83607
942 ## - АРТИКУЛИ
Вид на библиотечния материал Книги
Скрит в OPAC Не
Koha issues (borrowed), all copies 1
Периодичен библиозапис Да
944 ## - СЪЗДАВАНЕ И РЕДАКЦИЯ на ЗАПИСА
Създаване/Редакция Създаване
Дата на регистрацията/редакция 05.03.2009
Статус, дата на статуса Кети Илиева
Служител, извършил регистрацията/редакцията 30550
944 ## - СЪЗДАВАНЕ И РЕДАКЦИЯ на ЗАПИСА
Създаване/Редакция Редакция
Дата на регистрацията/редакция 2023-04-28
Статус, дата на статуса 2023-04-28
Служител, извършил регистрацията/редакцията ир
999 ## - СИСТЕМНИ КОНТРОЛНИ НОМЕРА
Koha biblioitemnumber 83607
999 ## - СИСТЕМНИ КОНТРОЛНИ НОМЕРА
Koha biblioitemnumber 83607
999 ## - СИСТЕМНИ КОНТРОЛНИ НОМЕРА
Koha biblioitemnumber 83607
Наличности
Код за отписване Код за изгубен артикул Източник на класификационната схема Код за повреда Коз за рестрикции Код за отдаване Артикулен № Име на библиотеката - собственик Име на библиотеката, в която се намира в момента Статус (Текущо местоположение) Дата на вписване в системата Местоположение - отдел Цена в лева Инвентарен номер Систематично азбучна сигнатура Баркод Номер на екземпляра Цена в евро Служебна бележка Служебен тип на артикула
  Не е изгубен Universal Decimal Classification Не е повреден без рестрикции заемане за дома 135951 Регионална библиотека "Любен Каравелов" Русе Регионална библиотека "Любен Каравелов" Русе Отдел Изкуство - подръчен фонд 2009-02-27 Отдел Изкуство - подръчен фонд 9.00 120000734009 78.071.2(092)/П 44 120000734009 1 4.60 Дост: DA Вид: А N: 3 Дата: 27.02.2009 Дата инв: 20.06.2012 Бележки инв: * Книги
  Не е изгубен Universal Decimal Classification Не е повреден без рестрикции заемане за дома 135952 Регионална библиотека "Любен Каравелов" Русе Регионална библиотека "Любен Каравелов" Русе Отдел Изкуство - подръчен фонд 2009-05-28 Отдел Изкуство - подръчен фонд 9.00 120000735976 78.071.2(092)/П 44 120000735976 2 4.60 Дост: DA Вид: А N: 6 Дата: 28.05.2009 Дата инв: 04.04.2017 Бележки инв: ИП2017 Книги
  Не е изгубен Universal Decimal Classification Не е повреден без рестрикции ползва се в читалня 135953 Регионална библиотека "Любен Каравелов" Русе Регионална библиотека "Любен Каравелов" Русе Краезнание 2009-05-28 Краезнание 9.00 120000735977 К 78/П 44 Д 120000735977 3 4.60 Дост: DA Вид: А N: 6 Дата: 28.05.2009 Дата инв: 10.11.2017 Бележки инв: К2017 Книги
  Не е изгубен Universal Decimal Classification Не е повреден без рестрикции ползва се в читалня 135954 Регионална библиотека "Любен Каравелов" Русе Регионална библиотека "Любен Каравелов" Русе Хранилище 2009-10-07 Хранилище 9.00 120000738823 Цб 243078 120000738823 4 4.60 Дост: Dp Вид: Д N: 16 Дата: 08.04.2009 Книги
  Не е изгубен Universal Decimal Classification Не е повреден без рестрикции заемане за дома 135955 Регионална библиотека "Любен Каравелов" Русе Регионална библиотека "Любен Каравелов" Русе Отдел Изкуство - подръчен фонд 2010-04-28 Отдел Изкуство - подръчен фонд 9.00 120000743951 78.071.2(092)/П 44 120000743951 5 4.60 Дост: DA Вид: А N: 14 Дата: 28.04.2010 Дата инв: 04.04.2017 Бележки инв: ИП2017 Книги
Vip Innovations Ltd, Rousse, Bulgaria 2025